| 000 | 00853cab a2200229 4500 | ||
|---|---|---|---|
| 001 | ABS45458 | ||
| 008 | 090401t1991 xxu||||| |||| 00| 0 eng d | ||
| 035 | _a(Sirsi) u53098 | ||
| 041 | _aeng | ||
| 100 | _aOxley, A. | ||
| 245 | _aModelling earthworks by computer | ||
| 260 | _c1991 | ||
| 350 | _a0 | ||
| 490 |
_aCivil Engineering Surveyor _v16(9) November 1991, 25-27(2) |
||
| 520 | _aSpecifies the main requirements of software designed to receive land surveying data and to process the data in order to calculate both cut and fill volumes and ground surface areas for differenct gradients as required by standard method of measurements. | ||
| 650 | _aGROUND MODELLING | ||
| 650 | _aVOLUME CALCULATIONS | ||
| 690 | _aMANAGEMENT-BUSINESS MANAGEMENT-INFORMATION MANAGEMENT | ||
| 690 | _aLAND SURVEYING | ||
| 942 | _n0 | ||
| 948 | _c04/03/1997 | ||
| 999 |
_c32755 _d32755 |
||